[Event "Turkish Super League 2019"]
[Site "Konya"]
[Date "2019.07.20"]
[Round "4"]
[White "Alekseenko, Kirill"]
[Black "Demchenko, Anton"]
[Result "1/2-1/2"]
[WhiteElo "2650"]
[BlackElo "2665"]
[Annotator "TA"]
[PlyCount "109"]
[EventDate "2019.07.17"]
[EventType "team-tourn"]
[EventCountry "TUR"]
[SourceTitle "playchess.com"]
[Source "ChessBase"]
[SourceQuality "1"]

{[%evp 13,109,21,31,26,31,22,26,27,30,29,43,9,47,16,37,24,49,0,42,9,18,14,9,16,22,15,24,25,34,24,40,22,32,33,31,35,50,60,56,60,47,33,68,58,40,88,89,0,0,0,56,65,68,67,38,39,73,81,146,129,127,105,131,90,83,67,193,12,281,191,186,137,160,146,29972,149,137,137,112,75,206,189,206,84,85,0,11,11,11,11,17,17,20,0,25,0,0,0]} 1. e4 e5 2. Nf3 Nc6 3. Bb5 g6 4. c3 a6 5. Ba4 d6 6. d4 Bd7 7. Bg5 Be7 8. Be3 {C76: Ruy Lopez: Deferred Steinitz: 5 c3 Bd7 6 d4 g6} Nf6 9. Bc2 O-O 10. O-O {White has an edge.} Re8 (10... exd4 11. cxd4 Nb4 12. Nc3 Nxc2 13. Qxc2 c6 14. Bh6 Re8 15. h3 d5 {½-½ (68) Sutovsky,E (2683)-Stevic,H (2616) Heraklio 2017}) 11. h3 Bf8 12. Nbd2 (12. d5 $5 {[%cal Rd5c6]}) 12... a5 $146 ({Predecessor:} 12... Bg7 13. Re1 h6 14. a3 a5 15. b3 Qe7 {1-0 (47) Beliavsky,A (2565)-Ree,H (2480) Wijk aan Zee 1984}) 13. a4 Bg7 14. Re1 h6 15. Qb1 Nh5 16. dxe5 dxe5 17. Qa2 Qf6 18. Bb3 g5 19. Nh2 Nf4 20. Ndf1 {[%cal Bd2f1,Bf1g3,Bg3f5][%mdl 32]} h5 21. Rad1 Rad8 22. Ng3 Qg6 23. Nf3 Bf6 24. Nf5 Be6 25. Bxe6 fxe6 26. Nh2 Rxd1 27. Rxd1 Kh8 28. Ng3 h4 29. Ngf1 Qxe4 {[%csl Gf4][%cal Re4g2]} 30. Bxf4 (30. f3 $1 $16 {[%cal Rf3e4]} Qc2 31. Rd2) 30... exf4 $11 31. Ng4 Be7 (31... Kg7 $1 $11) 32. Qb3 $1 $14 Rd8 $1 33. Rxd8+ Nxd8 34. Qb5 {Hoping for Qe8+.} Qc6 35. Qxa5 Nf7 (35... Qd6 $142) 36. Ne5 $1 $36 {[%cal Re5c6][%mdl 2048] Black is under strong pressure.} Nxe5 37. Qxe5+ Kg8 38. Nd2 Qd5 39. Nf3 c5 {[#]} (39... Bd8 $1 $14) 40. c4 $2 (40. Qb8+ $1 $18 Kg7 41. Qc7) 40... Qxc4 $2 {[%mdl 8192]} (40... Qxe5 $11 {and Black is okay.} 41. Nxe5 Kg7) 41. Qb8+ Bf8 42. Nxg5 Qxa4 43. Qxb7 {[%csl Gg5][%cal Rb7h7]} Qd1+ 44. Kh2 {[%csl Gg5][%cal Rb7h7]} Qh5 45. Nxe6 Qe5 {[#] ( -> ...f3+)} 46. Qb3 $1 {Strongly threatening f3.} f3+ (46... Kh8 $16 47. f3 (47. Nxf8 f3+ 48. Kh1 Qe1+ {[%mdl 64] Double Attack} 49. Kh2 Qe5+ 50. Kh1 Qe1+ {[%mdl 64] Double Attack} 51. Kh2 Qe5+ $11) 47... Be7) 47. Nf4+ $1 $18 Kg7 48. g3 (48. Qxf3 $18 {is the precise move to win. Black must now prevent Qg4+.} Bd6 49. Qg4+ Kf8 50. g3 hxg3+ 51. Kxg3 (51. fxg3 Qxb2+ 52. Ne2 Qc2 $16)) 48... Bd6 $16 49. Qa4 ({Better is} 49. Qb7+ $16 Kf6 50. Qxf3) 49... Qxb2 ({Wrong is} 49... hxg3+ $2 50. Kxg3 Kh6 51. Qc4 $18) 50. Qd7+ {[%mdl 64] Double Attack} Kg8 51. Qe6+ Kh8 52. Qe8+ Kg7 53. Qd7+ Kg8 54. Qd8+ Kf7 $1 55. Qd7+ {Accuracy: White = 53%, Black = 45%.} 1/2-1/2

[Event "Turkish Super League 2019"]
[Site "Konya"]
[Date "2019.07.20"]
[Round "4"]
[White "Abasov, Nijat"]
[Black "Kuzubov, Yuriy"]
[Result "1/2-1/2"]
[WhiteElo "2641"]
[BlackElo "2671"]
[Annotator "TA"]
[PlyCount "61"]
[EventDate "2019.07.17"]
[EventType "team-tourn"]
[EventCountry "TUR"]
[SourceTitle "playchess.com"]
[Source "ChessBase"]
[SourceQuality "1"]

{[%evp 22,61,6,6,6,6,6,7,8,8,8,0,8,8,8,8,8,8,8,8,6,6,6,7,8,8,8,8,9,0,0,0,4,0,7,0,0,0,11,0,0,0]} 1. e4 c5 2. c3 Nf6 3. e5 Nd5 4. Nf3 ({Predecessor:} 4. d4 cxd4 5. Nf3 Nc6 6. Bc4 Nb6 7. Bb3 d5 8. exd6 Qxd6 9. Na3 a6 10. O-O {½-½ (30) Stevanovic,V (2294)-Prevot,E (2208) Dresden 2000}) 4... Nc6 5. Bc4 Nb6 6. Bb3 d5 7. exd6 Qxd6 8. Na3 a6 9. O-O Bf5 10. d4 cxd4 11. Nxd4 Nxd4 12. cxd4 {next Qf3 is good for White.The position is equal.} e6 {B22: Sicilian: 2 c3} 13. Qf3 Qd7 14. d5 $146 (14. Qg3 Bg6 15. Bf4 Bxa3 16. bxa3 O-O 17. Rac1 Rac8 18. h4 Nd5 19. Bd6 Nc3 20. Rce1 {0-1 (38) Mamedov,R (2699)-Navara,D (2740) Porto Carras 2018}) 14... Nxd5 15. Rd1 Bxa3 $1 16. bxa3 O-O 17. h4 {[%cal Rb3d5]} Rac8 $1 18. Bxd5 exd5 19. Rxd5 Qe6 {[#] White must now prevent ...Be4.} 20. Rxf5 {Hoping for Bb2.} Qe1+ 21. Kh2 {Threatens to win with Bb2.} Rxc1 22. Rxc1 Qxc1 23. Qxb7 Qxa3 $11 {[%mdl 4096] Endgame KQR-KQR} 24. Qd5 Qe7 25. g3 g6 26. Rf4 Rd8 27. Qc4 Rd6 28. Re4 Qf6 29. Rf4 Qe7 30. Re4 Qf6 31. Rf4 {Accuracy: White = 74%, Black = 85%.} 1/2-1/2

[Event "Turkish Super League 2019"]
[Site "Konya"]
[Date "2019.07.20"]
[Round "4"]
[White "Durarbayli, Vasif"]
[Black "Benidze, Davit"]
[Result "1-0"]
[WhiteElo "2637"]
[BlackElo "2469"]
[Annotator "TA"]
[PlyCount "61"]
[EventDate "2019.07.17"]
[EventType "team-tourn"]
[EventCountry "TUR"]
[SourceTitle "playchess.com"]
[Source "ChessBase"]
[SourceQuality "1"]

{[%evp 12,89,22,24,18,19,46,6,3,3,0,0,0,7,0,0,4,0,6,-8,17,0,0,0,0,-50,-43,-55,-38,-77,-67,-64,-57,-91,-17,-18,-17,-34,-20,-22,-6,-14,0,0,0,0,0,0,0,0,13,0,0,0,0,0,166,152,145,123,166,0,150,0,152,42,50,37,46,45,63,45,1119,1077,1086,1025,2945,2877,5157,3169]} 1. d4 Nf6 2. c4 e6 3. Nc3 d5 4. cxd5 exd5 5. Bg5 c6 6. Qc2 g6 7. e3 Be7 {D36: Queen's Gambit Declined: Exchange Variation: Main line (5 Bg5 c6 6 Qc2)} 8. Bd3 Nbd7 {[%cal Bb8d7,Bd7f8,Bf8e6][%mdl 32]} 9. Rc1 $146 ({Predecessor:} 9. Nge2 Nh5 10. Bxe7 Qxe7 11. O-O-O f5 12. Kb1 Ndf6 13. Rhe1 O-O 14. Ng1 Ne4 15. Na4 Nhf6 16. f3 Nd6 17. Nh3 Bd7 18. Nf2 b6 19. h3 {1-0 (29) Gretarsson,H (2565)-Pavasovic,D (2540) chess.com INT 2018}) 9... Nf8 {The position is equal.} 10. Nge2 Ne6 11. Bh4 Nh5 12. Bxe7 Qxe7 13. O-O O-O 14. f3 Rd8 15. Rce1 c5 16. Qd2 b6 17. e4 dxe4 $1 18. fxe4 Nxd4 {Threatens to win with ...c4!} 19. Nd5 Qe5 20. Qh6 Be6 21. Ng3 {Black must now prevent Nxh5.} Qg7 22. Qg5 h6 ({Black should try} 22... Bxd5 $17 23. Nxh5 gxh5 24. Qxg7+ Kxg7 25. exd5 Re8) 23. Qe3 $11 Nxg3 24. Nf6+ Kh8 25. hxg3 Nc6 ({Resist} 25... Bxa2 26. e5 $17) 26. e5 $1 {[#]} Nxe5 $1 {[%mdl 576] Deflection} 27. Qxe5 Rxd3 28. g4 Rad8 29. g5 h5 30. Kh2 c4 31. a4 {Played: Re1-d1} 1-0

[Event "Turkish Super League 2019"]
[Site "Konya"]
[Date "2019.07.20"]
[Round "4"]
[White "Esipenko, Andrey"]
[Black "Eren, Ataberk"]
[Result "1-0"]
[WhiteElo "2621"]
[BlackElo "2295"]
[Annotator "TA"]
[PlyCount "55"]
[EventDate "2019.07.17"]
[EventType "team-tourn"]
[EventCountry "TUR"]
[SourceTitle "playchess.com"]
[Source "ChessBase"]
[SourceQuality "1"]

{[%evp 13,77,22,21,16,8,17,13,12,18,11,37,37,44,41,39,41,50,50,50,44,42,49,44,23,21,21,21,19,45,48,230,215,206,211,213,204,281,285,431,167,681,681,634,537,530,530,2712,542,534,533,655,661,663,653,663,622,714,709,2909,2777,2543,2238,5743,5795,3052,2715]} 1. e4 e5 2. Nf3 Nf6 3. Nxe5 d6 4. Nf3 Nxe4 5. Nc3 Nxc3 6. dxc3 Be7 7. Be3 Nd7 8. Qd2 {C42: Petroff Defence: 3 Nxe5 and unusual White 3rd moves} O-O 9. O-O-O c6 10. h4 {The position is equal.} d5 11. Bd3 Bc5 $146 ({Predecessor:} 11... Nc5 12. Ng5 h6 13. Kb1 Nxd3 14. Qxd3 hxg5 15. hxg5 f5 16. g6 Qe8 17. Bc5 f4 18. Rde1 Bf5 19. Qd1 Qxg6 20. Rxe7 b6 21. Bd4 Rf7 22. Ree1 Rff8 23. Re7 Rf7 24. Ree1 Rff8 25. Re7 {½-½ (25) Sethuraman,S (2637)-Wei,Y (2733) Astana 2019}) 12. Bd4 Bxd4 13. cxd4 Re8 14. Rde1 Rxe1+ 15. Rxe1 Nf6 16. Qf4 h6 17. Ne5 Be6 18. Re3 Nh5 19. Qh2 $1 {Threatens to win with g4.} Nf6 20. Re2 Qa5 21. a3 Ng4 $2 {[#]} (21... Qb6 $14) 22. Nxg4 $1 $18 Bxg4 {[#]} 23. Re7 $1 Be6 {[%cal Ra5e1]} 24. Qe5 Kf8 25. Rxb7 {Threatening mate with Qd6+.} Re8 (25... Qd8 $142 26. Qc7 Qxc7 27. Rxc7 a5 28. Rxc6 Ke7) 26. Rb8 $2 (26. Qd6+ Kg8 27. c3) 26... Bc8 $2 (26... Rxb8 27. Qxb8+ Ke7) 27. Qd6+ {[%mdl 64] Double Attack. White is clearly winning.} Kg8 {[%cal Re8e1] [#]} 28. c3 {Played: Qd6-e7} 1-0

[Event "Turkish Super League 2019"]
[Site "Konya"]
[Date "2019.07.20"]
[Round "4"]
[White "Yilmaz, Mustafa"]
[Black "Rasulov, Vugar"]
[Result "1/2-1/2"]
[WhiteElo "2618"]
[BlackElo "2534"]
[Annotator "TA"]
[PlyCount "130"]
[EventDate "2019.07.17"]
[EventType "team-tourn"]
[EventCountry "TUR"]
[SourceTitle "playchess.com"]
[Source "ChessBase"]
[SourceQuality "1"]

{[%evp 11,130,23,34,0,0,0,56,43,48,41,31,31,27,29,29,25,64,29,21,0,0,-6,-7,-35,-51,-38,-50,-24,-27,-135,-34,-104,-100,-133,-138,-141,-143,-147,-125,-145,-102,-91,-36,-55,85,83,82,85,83,0,59,0,0,0,0,-73,-68,-62,-82,-87,0,0,0,-284,0,-128,-8,-75,-68,-107,-121,-282,-40,-412,-412,-412,-411,-386,-349,-307,0,0,0,0,0,0,0,0,0,0,0,0,0,0,0,0,0,0,0,0,0,0,0,-91,-91,-91,0,0,0,0,0,0,0,0,0,0,0,0,0,0,0]} 1. d4 Nf6 2. c4 e6 3. Nf3 b6 4. g3 Bb7 5. Bg2 c5 6. d5 exd5 7. cxd5 {E16: Queen's Indian: 4 g3 Bb7 5 Bg2 Bb4+} Bxd5 8. Nc3 Bxf3 (8... Bc6 $1 $11) (8... Bc6 9. O-O Be7 10. e4 O-O 11. Re1 d6 12. Bf4 Nh5 13. Be3 Nd7 14. Qe2 Nhf6 {0-1 (39) Moranda,W (2593)-Iturrizaga Bonelli,E (2637) chess.com INT 2019}) 9. Bxf3 $14 {White is slightly better.} Nc6 10. O-O {[%mdl 1024] White has compensation.} Be7 11. Bf4 O-O 12. e3 $146 ({Predecessor:} 12. Qa4 Qc8 13. Rfd1 a6 14. Qb3 b5 {½-½ (25) Garau,B (2269)-Gonzalez Cubertier,J (2392) ICCF email 2014}) 12... h6 13. h4 a6 14. Kg2 Ra7 15. Rh1 d5 16. g4 d4 17. g5 (17. Bxc6 {feels hotter.} dxc3 18. bxc3 Qc8 19. Bf3 Rd8 20. Qe2) 17... dxc3 18. gxf6 Bxf6 19. Bxc6 cxb2 20. Rb1 (20. Qxd8 $11 Rxd8 21. Rad1) 20... Qxd1 (20... c4 $17 21. Be4 c3) 21. Rhxd1 (21. Rbxd1 $15 c4 22. Kf3) 21... c4 $1 $17 22. e4 {White wants to play e5.} c3 23. Ba4 b5 24. Bc2 a5 25. e5 Be7 26. Be3 Ra6 (26... Rb7 $17) 27. Rd7 $15 Bxh4 (27... Re8 $15 {stays ahead.}) 28. Kh3 $1 $16 {[%cal Rh3h4]} Bd8 29. Rbd1 $1 Ra8 30. Rg1 (30. Bd4 $1 $16) 30... Ra6 ({Black should try} 30... Re8 $1 $11 31. Bxh6 g6) 31. Rb7 (31. Bc5 $14 Re8 32. Bd4) 31... b4 $36 {[%mdl 2048] Black fights for an advantage.} 32. f4 $1 Rc6 33. Rd1 (33. f5 $1 $11 {remains equal.}) 33... g5 $17 34. Kg4 gxf4 35. Bxf4 {[#]} Bg5 $1 {[%mdl 512]} 36. Bxg5 $11 hxg5 37. Ra7 $2 {[%mdl 8192]} (37. Kxg5 $11 {and White has nothing to worry.} Re8 38. Kf4) 37... Rh6 $2 ({Better is} 37... Rc5 $19 38. Re7 a4 $1 {[%mdl 512]}) 38. Kg3 {[#]} (38. Kxg5 $11 {was the only way to keep the balance.} Kg7 39. Rg1) 38... Kg7 (38... g4 $1 $17 {[%mdl 512] Hoping for ...Rh3+.} 39. Bb3 (39. Kxg4 Rh2) 39... Kh8) 39. Rf1 $1 {[#]} g4 $1 {[%mdl 512]} 40. Bb3 {[%cal Rb3f7]} (40. Kxg4 Rh2) 40... Kh8 $1 41. Rc7 $2 (41. Rxa5 $17 Rc8 42. Ra7) 41... Rg8 $2 (41... Rh7 $1 $19 {aiming for ...f5.} 42. Bc2 f5 43. Rxh7+ Kxh7) 42. Rcxf7 $2 {[%mdl 8192]} ({White must play} 42. Bc2 $1 $15) 42... Rh3+ $19 43. Kg2 Rd8 44. R7f2 Re3 45. e6 {[#] intending Rh1+.} Rd2 $2 (45... g3 $1 $19 {[%cal Rg3f2]} 46. Rf7 {[#]} a4 $1 {[%mdl 512]}) 46. Rxd2 $11 cxd2 {[%mdl 4096] Endgame KRB-KR} 47. Rb1 Kg7 {Strongly threatening ...Kf8.} 48. Kf2 {[#]} Re1 $1 {[%mdl 512]} 49. e7 {[#]} ({But not} 49. Rxb2 d1=Q $17) (49. Rxe1 g3+) 49... g3+ $1 {[%mdl 512]} 50. Kxg3 Rxe7 (50... Rxb1 $5 51. e8=Q $8 Rg1+ 52. Kf4 b1=Q 53. Qd7+ {[%mdl 64] Double Attack} Kg6 54. Qd6+ Kh7 55. Qd7+ Kh8 56. Qe8+ Kg7 57. Qd7+ {[%mdl 64] Double Attack} Kg6 58. Qe6+ Kh7 59. Qd7+ Kh8 60. Qc8+ Kh7 61. Qd7+ $11) 51. Rxb2 Re3+ 52. Kf2 {[#]} Rxb3 $1 {[%mdl 512]} 53. Rxd2 {KR-KR} (53. axb3 d1=Q) 53... Rh3 {...Kf6 is the strong threat.} 54. Ke2 Kf6 55. Kd1 Rc3 56. Rc2 Ke5 {Threatens to win with ...Rxc2.} 57. Kc1 (57. Rxc3 $1 $11 bxc3 58. Kc2) 57... Kd4 $17 {And now ...Kd3 would win.} 58. Kb2 Rh3 ({Black should play} 58... Rxc2+ $17 59. Kxc2 Kc4) 59. Rc8 $11 {The position is equal.} a4 60. Rd8+ Kc5 61. Rc8+ Kd6 62. Rd8+ Kc7 63. Rd4 $1 a3+ 64. Kb1 Rh1+ 65. Kc2 Rh2+ {Accuracy: White = 53%, Black = 45%.} 1/2-1/2

[Event "Turkish Super League 2019"]
[Site "Konya"]
[Date "2019.07.20"]
[Round "4"]
[White "Rakhmanov, Aleksandr"]
[Black "Visakh N R"]
[Result "1-0"]
[WhiteElo "2615"]
[BlackElo "2526"]
[Annotator "RC"]
[PlyCount "141"]
[EventDate "2019.07.17"]
[EventType "team-tourn"]
[EventCountry "TUR"]
[SourceTitle "playchess.com"]
[Source "ChessBase"]
[SourceQuality "1"]
[TimeControl "40/5400+30:1800+30"]

1. c4 e6 2. Nc3 d5 3. d4 Be7 4. Nf3 Nf6 5. g3 dxc4 6. Bg2 O-O 7. Ne5 Nc6 8. Bxc6 bxc6 9. Nxc6 Qe8 10. Nxe7+ Qxe7 11. Qa4 Bb7 12. O-O c5 13. dxc5 Qxc5 14. Be3 Qc6 15. Qxc6 Bxc6 16. Bd4 Nd5 17. Nxd5 Bxd5 18. Bc3 Rfd8 19. Rfd1 Bc6 20. Ba5 Rd5 21. Rxd5 exd5 22. Rd1 Re8 23. Kf1 f6 24. f3 Kf7 25. Kf2 h5 26. h3 a6 27. Rd4 {[%emt 1:13:30]} g5 {[%emt 1:07:30]} 28. Bc3 {[%emt 0:01:30]} Re6 {[%emt 0:09:30]} 29. Rd1 {[%emt 0:16:32]} Kg6 {[%emt 0:01:30]} 30. Bd4 {[%emt 0:03:31]} Re8 {[%emt 0:02:30]} 31. Bc3 {[%emt 0:01:17]} Bb7 {[%emt 0:03:30]} 32. Rc1 {[%emt 0:02:50]} Bc8 {[%emt 0:00:30]} 33. Rh1 {[%emt 0:01:00]} Bf5 {[%emt 0:06:03]} 34. g4 {[%emt 0:01:24]} Be6 {[%emt 0:00:41]} 35. gxh5+ {[%emt 0:01:42]} Kf7 {[%emt 0:00:05]} 36. h4 {[%emt 0:01:44]} g4 {[%emt 0:00:08]} 37. Rg1 {[%emt 0:02:40]} gxf3 {[%emt 0:00:43]} 38. Rg6 {[%emt 0:00:41]} fxe2 {[%emt 0:02:21]} 39. Rxf6+ {[%emt 0:00:01]} Kg8 {[%emt 0:01:10]} 40. Kxe2 {[%emt 0:00:00]} Bg4+ {[%emt 0:00:00]} 41. Kd2 {[%emt 0:06:08]} Re4 {[%emt 0:29:30]} 42. Rg6+ {[%emt 0:08:22]} Kh7 {[%emt 0:00:57]} 43. Rd6 {[%emt 0:00:13]} Bxh5 {[%emt 0:05:32]} 44. Rxd5 {[%emt 0:00:34]} Rxh4 {[%emt 0:06:27]} 45. Rd6 {[%emt 0:02:20]} Kg8 {[%emt 0:00:13]} 46. Rxa6 {[%emt 0:01:40]} Kf7 {[%emt 0:00:01]} 47. a4 {[%emt 0:00:16]} Ke8 {[%emt 0:01:00]} 48. Ke3 {[%emt 0:02:52]} Rh3+ {[%emt 0:00:34]} 49. Kd4 {[%emt 0:01:24]} Bf3 {[%emt 0:00:03]} 50. Rf6 {[%emt 0:00:49]} Kd7 {[%emt 0:00:39]} 51. Kc5 {[%emt 0:00:38]} Bh1 {[%emt 0:02:13]} 52. a5 {[%emt 0:01:24]} Kc8 {[%emt 0:00:59]} 53. a6 {[%emt 0:01:07]} Rh8 {[%emt 0:01:28]} 54. Kb6 {[%emt 0:05:29]} Re8 {[%emt 0:00:02]} 55. a7 {[%emt 0:01:21]} Ba8 {[%emt 0:00:17]} 56. Bb4 {[%emt 0:00:22]} Rd8 {[%emt 0:00:47]} 57. Rf4 {[%emt 0:01:39]} Rd7 {[%emt 0:01:01]} 58. Rxc4+ {[%emt 0:00:32]} Kd8 {[%emt 0:00:02]} 59. Rh4 {[%emt 0:00:55]} Kc8 {[%emt 0:00:32]} 60. Rh8+ {[%emt 0:00:52]} Rd8 {[%emt 0:00:01]} 61. Rh6 {[%emt 0:01:07]} Rd7 {[%emt 0:00:05]} 62. Ba5 {[%emt 0:00:50]} Rd8 {[%emt 0:01:45]} 63. b4 {[%emt 0:00:33]} Re8 {[%emt 0:00:35]} 64. b5 {[%emt 0:00:42]} Kd7 {[%emt 0:00:07]} 65. Bb4 {[%emt 0:00:10]} Be4 {[%emt 0:00:27]} 66. Rd6+ {[%emt 0:00:55]} Kc8 {[%emt 0:00:02]} 67. Rc6+ {[%emt 0:00:34]} Kd7 {[%emt 0:00:01]} 68. Rc7+ {[%emt 0:00:35]} Ke6 {[%emt 0:00:01]} 69. Rb7 {[%emt 0:00:24]} Kd5 {[%emt 0:02:24]} 70. Rb8 {[%emt 0:00:50]} Re6+ {[%emt 0:00:01]} 71. Ka5 {[%emt 0:00:10]} 1-0

[Event "Turkish Super League 2019"]
[Site "Konya"]
[Date "2019.07.20"]
[Round "4"]
[White "Nihal Sarin"]
[Black "Tomashevsky, Evgeny"]
[Result "1/2-1/2"]
[WhiteElo "2610"]
[BlackElo "2702"]
[Annotator "TA"]
[PlyCount "60"]
[EventDate "2019.07.17"]
[EventType "team-tourn"]
[EventCountry "TUR"]
[SourceTitle "playchess.com"]
[Source "ChessBase"]
[SourceQuality "1"]

{[%evp 11,60,14,16,17,22,20,23,17,9,6,17,4,4,8,14,8,9,12,19,23,36,37,39,36,36,39,41,36,51,35,36,35,28,29,29,27,38,18,66,8,8,18,12,0,8,0,0,0,0,0,0]} 1. e4 e5 2. Nf3 Nc6 3. Bc4 Bc5 (3... Nf6 4. d3 Bc5 5. c3 d6 6. a4 a6 7. h3 Ba7 8. O-O h6 9. Re1 O-O {1-0 (36) Nepomniachtchi,I (2773)-Grischuk,A (2772) Moscow 2019}) 4. O-O Nf6 5. d3 d6 6. c3 a6 7. a4 {C54: Giuoco Piano: 4 c3 Nf6, main lines with 5 d4 and 5 d3} Ba7 8. Nbd2 O-O 9. h3 {White has an edge.} h6 10. Re1 Re8 11. b4 Be6 12. Bxe6 Rxe6 13. Qc2 {[#]} Qd7 $146 ({Predecessor:} 13... Ne7 14. Nf1 Ng6 {0-1 (38) Swiercz,D (2645)-Sunilduth Lyna,N (2524) Moscow 2017}) 14. Rb1 Ne7 15. Nf1 {[%cal Bd2f1,Bf1g3,Bg3f5][%mdl 32]} Ng6 16. Ng3 d5 17. c4 c6 18. Nf5 Rd8 19. Rb3 Qe8 20. g3 Ne7 21. N3h4 Nxf5 22. Nxf5 Bb8 23. Be3 Bd6 24. b5 dxe4 25. dxe4 (25. bxa6 $1 $14 exd3 26. Rxd3 bxa6 27. Red1) 25... cxb5 $11 {The position is equal.} 26. axb5 Bf8 27. Reb1 Rc8 28. bxa6 bxa6 29. Rb6 Nd7 30. Rb7 Rec6 {Accuracy: White = 68%, Black = 62%.} 1/2-1/2

[Event "Turkish Super League 2019"]
[Site "Konya"]
[Date "2019.07.20"]
[Round "4"]
[White "Can, Emre"]
[Black "Saric, Ivan"]
[Result "1/2-1/2"]
[WhiteElo "2595"]
[BlackElo "2681"]
[Annotator "TA"]
[PlyCount "93"]
[EventDate "2019.07.17"]
[EventType "team-tourn"]
[EventCountry "TUR"]
[SourceTitle "playchess.com"]
[Source "ChessBase"]
[SourceQuality "1"]

{[%evp 13,93,-1,-4,3,8,0,26,0,0,-18,-25,-29,-39,-67,-80,-110,131,143,144,139,258,130,109,131,115,100,97,122,106,29,35,29,145,0,0,0,0,0,0,0,0,0,0,0,0,0,0,0,0,0,0,0,0,0,0,0,0,0,0,0,0,0,0,0,0,0,0,0,0,0,0,0,0,0,0,0,0,0,0,0,0,0]} 1. d4 d5 2. c4 c6 3. Nf3 Nf6 4. Nc3 e6 5. Qd3 dxc4 6. Qxc4 b5 7. Qd3 a6 8. e4 {D43: Semi-Slav: 5 Bg5 h6} c5 9. dxc5 Bxc5 10. e5 {White has an edge.} Ng4 11. Qe4 $146 {[%mdl 64] Double Attack} ({Predecessor:} 11. Qxd8+ Kxd8 12. Bg5+ Kc7 13. Ne4 Bb4+ 14. Ke2 Bb7 15. Rc1+ Kb6 {1-0 (25) Wang,H (2724)-Potkin,V (2626) Ningbo 2010}) 11... Nxf2 (11... Bxf2+ $2 12. Ke2 $18) 12. Qxa8 Qb6 {Threatens to win with ...0-0.} 13. Ne4 Nxh1 14. Bd3 O-O $2 (14... Bd7 $1 $17 {[%cal Rd7c6] keeps the pressure on.} 15. Nxc5 Bc6 16. Qxc6+ (16. Nb7 $2 O-O $19) 16... Nxc6) 15. Nxc5 $16 Qxc5 16. Qe4 $36 {[%csl Gd3][%cal Re4h7][%mdl 2048] White is on the roll.} Qf2+ 17. Kd1 {[%csl Gd3][%cal Re4h7]} g6 {[#]} 18. Qe2 $1 Bb7 {Hoping for ...Bxf3.} 19. Be3 Bxf3 20. gxf3 (20. Bxf2 $2 {loses.} Nxf2+ 21. Kd2 Bxe2 $19) 20... Qh4 {[#] White should prevent ...Nc6.} 21. f4 (21. Rc1 $1 $16) 21... Nc6 $1 $11 22. a3 {[%mdl 1024] White has compensation.} Qd8 (22... Rd8 $11 23. Kc2 Nd4+ 24. Bxd4 Rxd4 25. Rxh1 Rxf4) 23. Kc2 (23. Ke1 $16) 23... Qd5 $1 {The position is equal.} 24. Rd1 Qa2 $1 25. Rc1 Rd8 26. Bb6 Rb8 $1 {[%cal Rb8b6]} 27. Be3 Na5 28. Kd1 $1 {[%cal Rd1e1]} Nc4 29. Bxc4 bxc4 30. Rc2 {[#]} c3 $1 {[%mdl 512]} 31. bxc3 Qxa3 32. Qf3 Qa4 33. Kd2 Qa1 34. Rc1 Qa2+ 35. Rc2 Qb1 36. Bd4 a5 {[%cal Ba6a5,Ba5a4,Ba4a3,Ba3a2][%mdl 32]} 37. Qd1 {And now Qxb1 would win.} Qb7 $1 {[%cal Rb7e4] aiming for ...Qe4.} 38. Ke3 a4 $1 39. Rc1 a3 {White must now prevent ...a2.} 40. Qxh1 Qb2 {...a2 is the strong threat.} 41. Bc5 a2 42. Bb4 $1 h5 ({Of course not} 42... Rd8 $6 43. Rd1 $16) 43. h4 Kh7 44. Ra1 $1 {White wants to play Qc1.} Rxb4 45. cxb4 {Strongly threatening Qe1.} Qc3+ 46. Kf2 Qb2+ 47. Kg3 {Accuracy: White = 79%, Black = 71%.} 1/2-1/2

[Event "Turkish Super League 2019"]
[Site "Konya"]
[Date "2019.07.20"]
[Round "4"]
[White "Mchedlishvili, Mikheil"]
[Black "Asadli, Vugar"]
[Result "1/2-1/2"]
[WhiteElo "2571"]
[BlackElo "2502"]
[Annotator "ChessBase"]
[PlyCount "62"]
[EventDate "2019.07.17"]
[EventType "team-tourn"]
[EventCountry "TUR"]
[SourceTitle "playchess.com"]
[Source "ChessBase"]
[SourceQuality "1"]
[TimeControl "40/5400+30:1800+30"]

1. d4 e6 2. c4 Nf6 3. g3 d5 4. Nf3 Bb4+ 5. Bd2 Bd6 6. Nc3 O-O 7. Bg5 Be7 8. Bg2 Nbd7 9. Qd3 c6 10. O-O b6 11. Rfd1 Ba6 12. b3 Rc8 13. Rac1 h6 14. Bf4 c5 15. Nb5 Bxb5 16. cxb5 Nh5 17. Bd2 Nhf6 18. Bc3 Ne4 19. Bb2 {[%emt 1:16:30]} Nd6 {[%emt 1:03:30]} 20. Ne5 {[%emt 0:00:30]} Bf6 {[%emt 0:03:30]} 21. a4 {[%emt 0:03:30]} cxd4 {[%emt 0:07:30]} 22. Nc6 {[%emt 0:11:14]} Ne5 {[%emt 0:00:30]} 23. Nxe5 {[%emt 0:00:35]} Bxe5 {[%emt 0:00:30]} 24. Bxd4 {[%emt 0:00:07]} Qf6 {[%emt 0:00:30]} 25. Be3 {[%emt 0:00:17]} Bb2 {[%emt 0:00:30]} 26. Rc6 {[%emt 0:00:00]} Rxc6 {[%emt 0:00:30]} 27. bxc6 {[%emt 0:00:00]} Rc8 {[%emt 0:00:30]} 28. Qa6 {[%emt 0:00:24]} Qe7 {[%emt 0:02:30]} 29. Rd2 {[%emt 0:01:00]} Bc3 {[%emt 0:00:00]} 30. Rc2 {[%emt 0:05:45]} Rxc6 {[%emt 0:00:00]} 31. a5 {[%emt 0:00:32]} Qc7 {[%emt 0:05:30]} 1/2-1/2

[Event "Turkish Super League 2019"]
[Site "Konya"]
[Date "2019.07.20"]
[Round "4"]
[White "Heberla, Bartlomiej"]
[Black "Firat, Burak"]
[Result "1/2-1/2"]
[WhiteElo "2534"]
[BlackElo "2463"]
[Annotator "ChessBase"]
[PlyCount "60"]
[EventDate "2019.07.17"]
[EventType "team-tourn"]
[EventCountry "TUR"]
[SourceTitle "playchess.com"]
[Source "ChessBase"]
[SourceQuality "1"]
[TimeControl "40/5400+30:1800+30"]

1. c4 Nf6 2. Nc3 e5 3. Nf3 Nc6 4. e3 d5 5. cxd5 Nxd5 6. Bb5 Nxc3 7. bxc3 Bd6 8. d4 Bd7 9. O-O O-O 10. Bxc6 Bxc6 11. dxe5 Bxf3 12. Qxf3 Bxe5 13. Ba3 Re8 14. Qxb7 Qh4 15. g3 Qa4 16. Qb4 Qa6 17. Qb2 Rab8 18. Bb4 c5 19. Qa3 Qxa3 20. Bxa3 Bxc3 21. Rac1 Bb2 22. Bxb2 Rxb2 23. a4 Rc8 24. Rfd1 g6 {[%emt 1:23:26]} 25. Rd4 {[%emt 1:14:30]} a5 {[%emt 0:06:12]} 26. Rdc4 {[%emt 0:03:30]} Ra2 {[%emt 0:02:01]} 27. Rb1 {[%emt 0:02:30]} Rc6 {[%emt 0:03:40]} 28. Rb5 {[%emt 0:08:47]} Rf6 {[%emt 0:00:30]} 29. Rf4 {[%emt 0:00:02]} Rxf4 {[%emt 0:00:30]} 30. gxf4 {[%emt 0:00:30]} Rxa4 {[%emt 0:00:00]} 1/2-1/2